Capitales sans les lettres de "Sanaa" - Statistiques

Statistiques générales
  • Ce quiz a été pris 5 fois
  • Le résultat moyen est 6 sur 15
Statistiques - réponses
Continents Capitales % Correct
Europe Rome
100%
Asie Tokyo
80%
Amérique du Nord Mexico
60%
Asie Beyrouth
40%
Afrique Djibouti
40%
Europe Kiev
40%
Afrique Libreville
40%
Amérique du Sud Quito
40%
Asie Bichkek
20%
Asie Dili
20%
Asie Koweït
20%
Afrique Lomé
20%
Europe Luxembourg
20%
Afrique Tripoli
20%
Asie Thimphou
0%
Aucun quiz correspondant
Distribution des résultats
% des personnes avec chaque résultat
Percentile par nombre de réponses
Votre historique - résultats
Vous n’avez pas pris ce quiz